[Event "IRQ-ch final first Stage"]
[Site "Baghdad"]
[Date "2013.10.11"]
[Round "5"]
[White "Nagem, Abd M Issa"]
[Black "Esam, Naama Lafta"]
[Result "0-1"]
[WhiteElo "2177"]
[BlackElo "1997"]
[PlyCount "88"]
[EventDate "2013.10.09"]
[EventType "swiss"]
[EventRounds "9"]
[EventCountry "IRQ"]
[SourceTitle "EXT 2018"]
[Source "ChessBase"]
[SourceDate "2017.10.13"]
[SourceVersion "1"]
[SourceVersionDate "2017.10.13"]
[SourceQuality "1"]

1. e4 Nc6 2. d4 e5 3. Nf3 exd4 4. Nxd4 Bc5 5. Nf3 Nf6 6. Bd3 d6 7. h3 h6 8. 0-0 0-0 9. Nc3 a6 10. Bf4 Be6 11. a3 Qd7 12. Nh2 Ne5 13. Qf3 Nxf3+ 14. Nxf3 Rfe8 15. Nh2 Rad8 16. Rfe1 b5 17. Rad1 Qc6 18. Bd2 Bc4 19. Re2 Bxd3 20. cxd3 a5 21. Rc1 Qd7 22. Na2 Bb6 23. Bc3 Qe6 24. Ra1 Nd5 25. Bd2 b4 26. axb4 Nxb4 27. Nxb4 axb4 28. Bxb4 d5 29. Nf3 dxe4 30. Rxe4 Qb3 31. Rxe8+ Rxe8 32. Bc3 Qc2 33. d4 Qf5 34. Rf1 Re6 35. Kh1 Qd3 36. Kg1 c5 37. dxc5 Bxc5 38. Nh2 f5 39. Nf3 Re2 40. h4 Qc2 41. Nd4 Bxd4 42. Bxd4 Qe4 43. Bc3 Qxh4 44. b3 f4 0-1

[Event "IRQ-ch final first Stage"]
[Site "Baghdad"]
[Date "2013.10.10"]
[Round "3"]
[White "Nagem, Abd M Issa"]
[Black "Danar Jamaj, Qadir Ghaffoori"]
[Result "0-1"]
[WhiteElo "2177"]
[BlackElo "2061"]
[PlyCount "94"]
[EventDate "2013.10.09"]
[EventType "swiss"]
[EventRounds "9"]
[EventCountry "IRQ"]
[SourceTitle "EXT 2018"]
[Source "ChessBase"]
[SourceDate "2017.10.13"]
[SourceVersion "1"]
[SourceVersionDate "2017.10.13"]
[SourceQuality "1"]

1. e4 e5 2. Nf3 Nc6 3. Bb5 a6 4. Ba4 Nf6 5. 0-0 Nxe4 6. Re1 Nc5 7. Bxc6 dxc6 8. Nxe5 Be7 9. Qe2 Ne6 10. Nf3 0-0 11. d3 Bd6 12. Nc3 Bd7 13. Be3 Nf4 14. Bxf4 Bxf4 15. Qe4 Qf6 16. Qd4 Qxd4 17. Nxd4 Rfe8 18. h3 c5 19. Nf3 Bc6 20. Kf1 f5 21. Rxe8+ Rxe8 22. Re1 Rxe1+ 23. Kxe1 Kf7 24. Ne2 Bd6 25. Kf1 Kf6 26. Nd2 b5 27. f4 a5 28. a4 bxa4 29. Nc4 Bb5 30. Nxa5 Ke6 31. g3 h6 32. h4 Be7 33. Kf2 Bf6 34. Nc3 Bxc3 35. bxc3 Kd5 36. Ke3 c4 37. Kd2 a3 38. dxc4+ Bxc4 39. Kc1 Be2 40. Kd2 a2 41. Nb3 Bc4 42. Na1 Ke4 43. Kc1 Kf3 44. Kb2 Kxg3 45. Nb3 Kxf4 46. Kxa2 Kg3 47. Ka3 Bxb3 0-1

[Event "IRQ-ch final first Stage"]
[Site "Baghdad"]
[Date "2013.10.09"]
[Round "1"]
[White "Nagem, Abd M Issa"]
[Black "Saddam, Nafia"]
[Result "1-0"]
[WhiteElo "2177"]
[BlackElo "1948"]
[PlyCount "101"]
[EventDate "2013.10.09"]
[EventType "swiss"]
[EventRounds "9"]
[EventCountry "IRQ"]
[SourceTitle "EXT 2018"]
[Source "ChessBase"]
[SourceDate "2017.10.13"]
[SourceVersion "1"]
[SourceVersionDate "2017.10.13"]
[SourceQuality "1"]

1. e4 c5 2. Nf3 Nc6 3. d4 cxd4 4. Nxd4 d6 5. Nc3 Nf6 6. Be2 e6 7. Be3 Be7 8. 0-0 0-0 9. Kh1 a6 10. f4 Qc7 11. Qe1 Bd7 12. Rd1 b5 13. a3 Rac8 14. f5 Ne5 15. Qg3 Kh8 16. Bf4 Rcd8 17. Rfe1 Nc4 18. Bc1 e5 19. Nb3 Bc8 20. Bf3 d5 21. exd5 Bxf5 22. Nd4 Bg6 23. Re2 Bd6 24. Ndxb5 axb5 25. Nxb5 Qb8 26. Nxd6 Qxd6 27. b3 Nxa3 28. c4 Nc2 29. Rxe5 Nd7 30. Bf4 Nxe5 31. Bxe5 Qb6 32. Bc7 Qxb3 33. Bxd8 Rxd8 34. Qc7 Re8 35. d6 Qc3 36. Rg1 Qf6 37. d7 Rd8 38. c5 Nd4 39. Re1 Ne6 40. h3 h6 41. Qd6 Qc3 42. Rxe6 fxe6 43. c6 Kh7 44. Kh2 Ra8 45. c7 Ra1 46. c8Q Qe1 47. Qcc5 Qh1+ 48. Kg3 Qe1+ 49. Qf2 Qc1 50. d8Q Qg5+ 51. Qxg5 1-0